000 00777nam a22002175a 4500
005 20081202064115.0
008 081025s2008 ii b 001 0 eng
010 _aENG-92885
020 _c50.00
_a8177356119
035 _aEN-76418
037 _bDBAD / PUB
040 _adpl
_bEnglish
082 _a339
100 _aHemanathan, K.P.
245 _aMacro economics dimenstions in tenth five year plan /
_cby K.P. Hemanathan
260 _aChennai
_bPavai Publications
_c2008
270 _a142, Jani Jan Khan Road, Royapettah,
_bChennai
_e600014
300 _a97p. .
_c22cm (pbk)
942 _2ddc
_cEN
_mHEM
_h339
999 _c23149
_d23149